00490nam a22001931i 4500001001500000003000700015005001700022008003200039016001600071017000900087020000900096035000600105040002200111080000600133245008900139260003200228300002700260490000900287bimo0001053899SpMaBN20171201102005.0920725s19uu xxu spa 7 a z 2BPMSU a b  a c  a  aBPMSUbspacBPMSU 0a 00aSabes quién fué? : h b25 biografías anecdóticas de personajes ilustres c  a[s. l] : bSusaetac [190?] a 16 p. :b il. c27 cm0 a v